Great American brands : the success formulas that made them famous /

Bibliographic Details
Main Author: Cleary, David Powers
Format: Book
Language:English
Published: New York : Fairchild Publications, [1981]
Subjects:

MARC

Tag First Indicator Second Indicator Subfields
LEADER 00000cam a2200000 a 4500
001 in00000336556
005 20151011051821.0
008 801210s1981 nyua 00110 eng d
010 |a  80068646  
020 |a 0870053388 
035 |a (OCoLC)07024030 
035 |9 ABL0876AM 
040 |a CSL  |c CSL  |d OCL  |d TXA  |d UtOrBLW 
049 |a TXAM  |c [390119] 
090 |a HF5415.15  |b  C56 
100 1 |a Cleary, David Powers. 
245 1 0 |a Great American brands :  |b the success formulas that made them famous /  |c David Powers Cleary. 
264 1 |a New York :  |b Fairchild Publications,  |c [1981] 
264 4 |c ©1981 
300 |a xii, 307 pages :  |b illustrations ;  |c 24 cm. 
336 |a text  |b txt  |2 rdacontent 
337 |a unmediated  |b n  |2 rdamedia 
338 |a volume  |b nc  |2 rdacarrier 
500 |a Includes indexes. 
650 0 |a Product management. 
650 0 |a Brand name products. 
650 0 |a Business names. 
650 0 |a Trademarks. 
999 |a MARS 
999 f f |s e1198e1d-b4ef-3dbb-9d60-df104e54dc72  |i bfc990e3-c419-3329-bcae-9cdee46eb522  |t 0 
952 f f |p ric  |a Texas A&M University  |b Rellis Campus  |c Joint Library Facility  |d Remote Storage  |t 0  |e HF5415.15 C56  |h Library of Congress classification  |i unmediated -- volume  |m A14806443114 
998 f f |a HF5415.15 C56  |t 0  |l Remote Storage